000 01923nam a2200565 i 4500
001 49689
003 KOSZ 005
005 20240405063154.0
008 190218s2004 pl a f 000 0 pol
015 _aPB 2004/18378
020 _a838952595X
035 _a(PL-WaBN)b16619304-48omnis_nlop
035 _ab16619304
035 _a(OCoLC)69584913
035 _a(PL)b0000016619304
040 _aWA N
_cWA N
_dKOSZ 005/RW
041 1 _apol
_aeng
_hpol
046 _k2004
080 _a741/744.071(438)
080 _a76.071(438)
080 _a711.4/.8(438)
080 _a(084.1)
100 1 _aWielgosz, Andrzej
_d(1951- )
_eAutor
245 1 0 _aO rysunku, obrazach, architekturze i utopii =
_bAbout drawing, pictures, architecture and utopia /
_cAndrzej Wielgosz.
246 3 1 _aAbout drawing, pictures, architecture and utopia
260 _aPoznań :
_bWydawnictwo Miejskie,
_c2004.
300 _a[2], 108 stron :
_bilustracje (w tym kolorowe), fotografie kolorowe, portrety ;
_c30 cm.
336 _aTekst
_btxt
_2rdacontent
336 _aObraz
_bsti
_2rdacontent
337 _aBez urządzenia pośredniczącego
_bn
_2rdamedia
338 _aWolumin
_bnc
_2rdacarrier
380 _aAlbumy i książki artystyczne
380 _aKsiążki
388 1 _a2001-
546 _aTekst równolegle w języku polskim i angielskim.
648 7 _a1901-2000
_2DBN
650 7 _aMiasta
650 7 _aProjekty
650 7 _aUrbanistyka
_2DBN
651 7 _aPolska
655 7 _aGrafika polska
_2DBN
655 7 _aRysunek polski
_2DBN
655 7 _aAlbum
_2DBN
658 _aArchitektura i budownictwo
658 _aKultura i sztuka
710 2 _aWydawnictwo Miejskie Poznania
_4pbl
856 _uhttp://koha.tu.koszalin.pl/cgi-bin/koha/opac-detail.pl?biblionumber=49689
_yKatalog online BPK
942 _2UKD
_cKS
999 _c49689
_d49689